<?xml version="1.0" encoding="UTF-8"?>
<record
    xmlns:xsi="http://www.w3.org/2001/XMLSchema-instance"
    xsi:schemaLocation="http://www.loc.gov/MARC21/slim http://www.loc.gov/standards/marcxml/schema/MARC21slim.xsd"
    xmlns="http://www.loc.gov/MARC21/slim">

  <leader>01622nam a22001937a 4500</leader>
  <controlfield tag="005">20210414114103.0</controlfield>
  <controlfield tag="008">120730t        xxu||||| |||| 00| 0 eng d</controlfield>
  <datafield tag="020" ind1=" " ind2=" ">
    <subfield code="a">9788126513727</subfield>
  </datafield>
  <datafield tag="050" ind1=" " ind2=" ">
    <subfield code="a">TS155.B86</subfield>
  </datafield>
  <datafield tag="100" ind1=" " ind2=" ">
    <subfield code="a">Bufa, Elwood S.</subfield>
  </datafield>
  <datafield tag="245" ind1=" " ind2=" ">
    <subfield code="a">Modern production / productions management. /</subfield>
    <subfield code="c">Elwood S. Buffa and Rakesh K. Sarin</subfield>
  </datafield>
  <datafield tag="250" ind1=" " ind2=" ">
    <subfield code="a">4th ed.</subfield>
  </datafield>
  <datafield tag="260" ind1=" " ind2=" ">
    <subfield code="a">New Delhi :</subfield>
    <subfield code="b">Wiley and Sons Inc.,</subfield>
    <subfield code="c">2010.</subfield>
  </datafield>
  <datafield tag="300" ind1=" " ind2=" ">
    <subfield code="a">xiv, 834 p. :</subfield>
    <subfield code="b">ill.;</subfield>
    <subfield code="c">23 cm.</subfield>
  </datafield>
  <datafield tag="500" ind1=" " ind2=" ">
    <subfield code="a">Includes index.</subfield>
  </datafield>
  <datafield tag="505" ind1=" " ind2=" ">
    <subfield code="a">Contents: Operations management in corporate profitability and competitiveness -- Types and characteristics of manufacturing systems -- Types and characteristics of service systems -- Forecasting for operations -- Inventory planning and control -- Material requirements planning -- Linear programming- a methodological overview -- Planning production in aggregate terms -- Simulation: a methodological overview -- Operations scheduling -- Large scale projects -- Quality assurance -- Statistical quality control methods -- Japanese manufacturing systems -- Product/process design and technological choice -- Supplement: capital costs and investment criteria -- Waiting line models and applications to service system design -- Capacity planning -- Location and distribution -- Design of processes, jobs and work measurement -- Facility layout and assembly line balancing -- Multiple criteria decision methods for production problems -- Framework for operations strategy formulation -- Implementing operations strategy -- Perspectives on operations systems of the future.</subfield>
  </datafield>
  <datafield tag="700" ind1=" " ind2=" ">
    <subfield code="a">Sarin, Rakesh K</subfield>
  </datafield>
  <datafield tag="942" ind1=" " ind2=" ">
    <subfield code="2">lcc</subfield>
    <subfield code="c">BK</subfield>
  </datafield>
  <datafield tag="999" ind1=" " ind2=" ">
    <subfield code="c">1859</subfield>
    <subfield code="d">9359</subfield>
  </datafield>
  <datafield tag="952" ind1=" " ind2=" ">
    <subfield code="0">0</subfield>
    <subfield code="1">0</subfield>
    <subfield code="2">lcc</subfield>
    <subfield code="4">0</subfield>
    <subfield code="7">0</subfield>
    <subfield code="a">WIUC-1</subfield>
    <subfield code="b">WIUC-1</subfield>
    <subfield code="c">GEN</subfield>
    <subfield code="d">2012-07-30</subfield>
    <subfield code="l">0</subfield>
    <subfield code="o">TS155.B86</subfield>
    <subfield code="p">5847/12</subfield>
    <subfield code="r">2012-07-30 00:00:00</subfield>
    <subfield code="t">1</subfield>
    <subfield code="w">2012-07-30</subfield>
    <subfield code="y">BK</subfield>
  </datafield>
  <datafield tag="952" ind1=" " ind2=" ">
    <subfield code="0">0</subfield>
    <subfield code="1">0</subfield>
    <subfield code="2">lcc</subfield>
    <subfield code="4">0</subfield>
    <subfield code="7">0</subfield>
    <subfield code="a">WIUC-1</subfield>
    <subfield code="b">WIUC-1</subfield>
    <subfield code="c">GEN</subfield>
    <subfield code="d">2012-07-30</subfield>
    <subfield code="l">0</subfield>
    <subfield code="o">TS155.B861</subfield>
    <subfield code="p">5848/12</subfield>
    <subfield code="r">2012-07-30 00:00:00</subfield>
    <subfield code="t">2</subfield>
    <subfield code="w">2012-07-30</subfield>
    <subfield code="y">BK</subfield>
  </datafield>
  <datafield tag="952" ind1=" " ind2=" ">
    <subfield code="0">0</subfield>
    <subfield code="1">0</subfield>
    <subfield code="2">lcc</subfield>
    <subfield code="4">0</subfield>
    <subfield code="7">0</subfield>
    <subfield code="a">WIUC-1</subfield>
    <subfield code="b">WIUC-1</subfield>
    <subfield code="c">GEN</subfield>
    <subfield code="d">2012-07-30</subfield>
    <subfield code="l">0</subfield>
    <subfield code="o">TS155.B862</subfield>
    <subfield code="p">5849/12</subfield>
    <subfield code="r">2012-07-30 00:00:00</subfield>
    <subfield code="t">3</subfield>
    <subfield code="w">2012-07-30</subfield>
    <subfield code="y">BK</subfield>
  </datafield>
  <datafield tag="952" ind1=" " ind2=" ">
    <subfield code="0">0</subfield>
    <subfield code="1">0</subfield>
    <subfield code="2">lcc</subfield>
    <subfield code="4">0</subfield>
    <subfield code="7">0</subfield>
    <subfield code="a">WIUC-1</subfield>
    <subfield code="b">WIUC-1</subfield>
    <subfield code="c">GEN</subfield>
    <subfield code="d">2012-07-30</subfield>
    <subfield code="l">0</subfield>
    <subfield code="o">TS155.B863</subfield>
    <subfield code="p">5850/12</subfield>
    <subfield code="r">2012-07-30 00:00:00</subfield>
    <subfield code="t">4</subfield>
    <subfield code="w">2012-07-30</subfield>
    <subfield code="y">BK</subfield>
  </datafield>
  <datafield tag="952" ind1=" " ind2=" ">
    <subfield code="0">0</subfield>
    <subfield code="1">0</subfield>
    <subfield code="2">lcc</subfield>
    <subfield code="4">0</subfield>
    <subfield code="7">0</subfield>
    <subfield code="a">WIUC-1</subfield>
    <subfield code="b">WIUC-1</subfield>
    <subfield code="c">GEN</subfield>
    <subfield code="d">2012-07-30</subfield>
    <subfield code="l">0</subfield>
    <subfield code="o">TS155.B864</subfield>
    <subfield code="p">5851/12</subfield>
    <subfield code="r">2012-07-30 00:00:00</subfield>
    <subfield code="t">5</subfield>
    <subfield code="w">2012-07-30</subfield>
    <subfield code="y">BK</subfield>
  </datafield>
  <datafield tag="952" ind1=" " ind2=" ">
    <subfield code="0">0</subfield>
    <subfield code="1">0</subfield>
    <subfield code="2">lcc</subfield>
    <subfield code="4">0</subfield>
    <subfield code="7">0</subfield>
    <subfield code="a">WIUC-1</subfield>
    <subfield code="b">WIUC-1</subfield>
    <subfield code="c">GEN</subfield>
    <subfield code="d">2012-07-30</subfield>
    <subfield code="l">0</subfield>
    <subfield code="o">TS155.B865</subfield>
    <subfield code="p">5852/12</subfield>
    <subfield code="r">2012-07-30 00:00:00</subfield>
    <subfield code="t">6</subfield>
    <subfield code="w">2012-07-30</subfield>
    <subfield code="y">BK</subfield>
  </datafield>
</record>
